00373nam a2200133Ia 4500003000400000008004100004082002000045100001300065245009200078250000800170260003700178300000800215650001600223OSt191201s2005 xx 000 0 und d a621.381528bRAU aRAO, P N 0aUp to Date World Transistors-diodes Thyristors SMD Code Diode IC Linear Digital Analog a1st aNew DelhibBPB Publicationc2005 a554 aB.Tech(ECE)